000 01954nam a2200313 a 4500
001 991017753539706706
005 20250618152710.0
008 030505s1998 spcd || 001 ||spa|c
020 _a9788425418594
035 _a(ES-BaCBU).b29420416
040 _aES-BaCBU
_bcat
_cES-BaCBU
041 _ager
_aspa
100 _aCorcoll, Brigitte
_925517
_eauthor
245 1 0 _aProgramm
_b: alemán para hispanohablantes : ejercicios
_c/ Brigitte Corcoll, Roberto Corcoll.
250 _aThird edition.
260 _aBarcelona :
_bHerder,
_c1996.
300 _a467 pages :
_billustrations ;
_c25 cm
504 _aIncludes bibliography
505 8 _a1. Gramática = Grammatik. — 2. Ejercicios = Übungen, Soluciones = Lösungsschlüssel
520 _aProgramm. Ejercicios/soluciones completa y desarrolla la parte práctica de Programm Gramática. Tras su dilatada experiencia como profesores de alemán para hispanohablantes, los autores proponen: Ejercicios: -Estructurados por niveles. -Encuadrados dentro de temas o lecciones, cuya numeración corresponde exactamente a la de la Gramática, para que el estudiante pueda pasar fácilmente de un volumen a otro, de la teoría a la práctica, y viceversa. -Múltiples y variados dentro de cada tema, para que el alumno decida por su cuenta el ritmo de trabajo. Soluciones: -Son útiles como confirmación rápida y segura cuando Programm se utilice como libro de texto con profesor. -Resultan indispensables cuando el estudio del alemán se hace por cuenta propia y más individualmente.
546 _aTextos en castellà i alemany
650 0 0 _aGerman language
_xGrammar
_925336
650 0 0 _aGerman language
_vProblems, exercises, etc.
_924645
650 0 0 _aGerman language
_xSelf-instruction
_924644
650 0 0 _aGerman language
_xStudy and teaching
_xForeign speakers
_913581
655 0 _aSelf-instruction
_924883
700 _aCorcoll, Roberto
_d1937-
_925518
_eauthor
942 _2lcc
999 _c4769
_d4769